Journal of Education for Librarianship

محفوظ في:

التنسيق: دورية

اللغة: Undetermined

منشور في: JSTOR
Association for Library and Information Science Education (ALISE)

الموضوعات:

الوصول للمادة أونلاين: Login to view Source

الوسوم: إضافة وسم

لا توجد وسوم, كن أول من يضع وسما على هذه التسجيلة!

رقم الطلب:

LEADER 00533nas a2200157Ia 4500
008 220214c99999999xx |||||||||||| ||und||
022 |a 0022-0604 
245 0 0 |a Journal of Education for Librarianship 
264 1 |b JSTOR 
264 1 |b Association for Library and Information Science Education (ALISE) 
362 0 |a Vol. 1(1960)-24 (1984) 
653 1 0 |a Social Sciences 
856 4 0 |u https://www.jstor.org/journal/jedulib 
942 |c JL 
952 |0 0  |1 0  |4 0  |7 1  |9 35611  |a JSR  |b JSR  |d 2022-02-14  |l 0  |r 2022-02-14 00:00:00  |w 2022-02-14  |y JL 
999 |c 43944  |d 43944